A new view of comparative economics / (Record no. 10258)
[ view plain ]
| 000 -LEADER | |
|---|---|
| fixed length control field | 00990cam a22003134a 4500 |
| 001 - CONTROL NUMBER | |
| control field | 13276876 |
| 005 - DATE AND TIME OF LATEST TRANSACTION | |
| control field | 20201128013435.0 |
| 008 - FIXED-LENGTH DATA ELEMENTS--GENERAL INFORMATION | |
| fixed length control field | 030716t2004 ohuad frb 001 0 eng d |
| 010 ## - LIBRARY OF CONGRESS CONTROL NUMBER | |
| LC control number | 2003110043 |
| 020 ## - INTERNATIONAL STANDARD BOOK NUMBER | |
| International Standard Book Number | 0324170734 |
| 020 ## - INTERNATIONAL STANDARD BOOK NUMBER | |
| International Standard Book Number | 9780324170733 |
| 035 ## - SYSTEM CONTROL NUMBER | |
| System control number | (DLC) 2003110043 |
| 040 ## - CATALOGING SOURCE | |
| Original cataloging agency | DLC |
| Language of cataloging | eng |
| Transcribing agency | DLC |
| Modifying agency | DLC |
| -- | EG-ScBUE |
| 082 04 - DEWEY DECIMAL CLASSIFICATION NUMBER | |
| Classification number | 330 |
| Item number | KEN |
| Edition number | 22 |
| 100 1# - MAIN ENTRY--PERSONAL NAME | |
| Personal name | Kennett, David, |
| Dates associated with a name | 1948- |
| 9 (RLIN) | 689 |
| 245 12 - TITLE STATEMENT | |
| Title | A new view of comparative economics / |
| Statement of responsibility, etc | David Kennett. |
| 250 ## - EDITION STATEMENT | |
| Edition statement | 2nd ed. |
| 260 ## - PUBLICATION, DISTRIBUTION, ETC. (IMPRINT) | |
| Place of publication, distribution, etc | Mason : |
| Name of publisher, distributor, etc | Thomson / South-Western, |
| Date of publication, distribution, etc | c.2004. |
| 300 ## - PHYSICAL DESCRIPTION | |
| Extent | xxvi, 598 p. : |
| Other physical details | charts, tables ; |
| Dimensions | 25 cm. |
| 500 ## - GENERAL NOTE | |
| General note | Rev. ed. of : A new view of comparative economic systems. c.2001. |
| 500 ## - GENERAL NOTE | |
| General note | Index : p. 584-598. |
| 504 ## - BIBLIOGRAPHY, ETC. NOTE | |
| Bibliography, etc | Includes bibliographical references. |
| 650 #7 - SUBJECT ADDED ENTRY--TOPICAL TERM | |
| Topical term or geographic name as entry element | Comparative economics. |
| Source of heading or term | BUEsh |
| 9 (RLIN) | 20845 |
| 651 ## - SUBJECT ADDED ENTRY--GEOGRAPHIC NAME | |
| Source of heading or term | BUEsh |
| 653 ## - INDEX TERM--UNCONTROLLED | |
| Resource For college | BAEPS, Economics |
| Arrived date list | December2014 |
| 653 ## - INDEX TERM--UNCONTROLLED | |
| Resource For college | BAEPS, Economics |
| Arrived date list | October2016 |
| 655 ## - INDEX TERM--GENRE/FORM | |
| Form subdivision | Text book |
| -- | 33728 |
| 942 ## - ADDED ENTRY ELEMENTS (KOHA) | |
| Source of classification or shelving scheme | Dewey Decimal Classification |
| Item type | Book - Borrowing |
| Call number prefix | 330 KEN |
| Withdrawn status | Item status | Source of classification or shelving scheme | Damaged status | Not for loan | Home library | Current library | Shelving location | Date acquired | Source of acquisition | Total Checkouts | Total Renewals | Full call number | Barcode | Date last seen | Date last borrowed | Koha item type | Materials specified (bound volume or other part) | Vendor |
|---|---|---|---|---|---|---|---|---|---|---|---|---|---|---|---|---|---|---|
| Dewey Decimal Classification | Central Library | Central Library | First floor | 30/10/2008 | Purchase | 32 | 55 | 330 KEN | 000014156 | 15/07/2025 | 06/12/2017 | Book - Borrowing | ||||||
| Dewey Decimal Classification | Central Library | Central Library | First floor | 30/10/2008 | Purchase | 21 | 47 | 330 KEN | 000014157 | 15/07/2025 | 06/12/2017 | Book - Borrowing | ||||||
| Lost | Dewey Decimal Classification | Central Library | Central Library | First floor | 18/12/2014 | 330 KEN | 000014158 | 18/12/2014 | NB - Book (Non borrowing) | Lost In Inventory_2015-8-23 | ||||||||
| Lost | Dewey Decimal Classification | Central Library | Central Library | First floor | 04/10/2016 | Purchase | 330 KEN | 000033798 | 06/09/2017 | NB - Book (Non borrowing) | Lost In Inventory_2018-08-12 | Baccah | ||||||
| Dewey Decimal Classification | Central Library | Central Library | First floor | 04/10/2016 | Purchase | 6 | 23 | 330 KEN | 000033799 | 15/07/2025 | 15/04/2018 | Book - Borrowing | Baccah |